Central Library OPAC University of Rajshahi

پدما کی موجیں ;; Padma ki Mawji / (Record no. 83479)

MARC details
000 -LEADER
fixed length control field 00558nam a22001937a 4500
001 - CONTROL NUMBER
control field 83479
003 - CONTROL NUMBER IDENTIFIER
rucl marc code BD-RjUL
005 - DATE AND TIME OF LATEST TRANSACTION
control field 20240325144750.0
008 - FIXED-LENGTH DATA ELEMENTS--GENERAL INFORMATION
fixed length control field 240325s1979 pk ||||| |||| 00| 0 u d
035 ## - SYSTEM CONTROL NUMBER
System control number (BD-RjUL) 83479
040 ## - CATALOGING SOURCE
Original cataloging agency BD-RjUL
Language of cataloging eng
Transcribing agency BD-RjUL
041 ## - LANGUAGE CODE
Language code of text/sound track or separate title urd
082 ## - DEWEY DECIMAL CLASSIFICATION NUMBER
Edition number 23
Classification number 891.439308
Author mark and year BAP 1979
245 ## - TITLE STATEMENT
Title پدما کی موجیں ;; Padma ki Mawji /
Statement of responsibility, etc. by شام بارکپوری ;; by Sham Barakpuri
260 ## - PUBLICATION, DISTRIBUTION, ETC. (IMPRINT)
Place of publication, distribution, etc. Lahore ;
Name of publisher, distributor, etc. Mansur Book Hause,
Date of publication, distribution, etc. 1979
300 ## - PHYSICAL DESCRIPTION
Pagination 192 p. ;
Size 17 cm
650 ## - SUBJECT ADDED ENTRY--TOPICAL TERM
Topical term or geographic name as entry element Fiction
942 ## - ADDED ENTRY ELEMENTS (KOHA)
Source of classification or shelving scheme Dewey Decimal Classification
Koha item type Books
Holdings
Lost status Source of classification or shelving scheme Damaged status Not for loan Collection code Permanent Location Current Location Shelving location Date acquired Source of acquisition Cost, normal purchase price Total Checkouts Full call number Date last seen Copy number Koha item type
  Dewey Decimal Classification   Not For Loan Fiction Central Library, University of Rajshahi Central Library, University of Rajshahi Reading Room 07/01/1980 Author 7.00   U 891.439308 BAP 1979 25/03/2024 C-1 Books